Anglicko-český technický textilní slovník

Na minha lista:
Detalhes bibliográficos
Formato: Livro
Publicado em: Bratislava : Alfa, 1970
Tags: Adicionar Tag
Sem tags, seja o primeiro a adicionar uma tag!

MARC

LEADER 00000nam a22000003a 4500
001 stu14695
005 20150408181715.4
008 ------s1970----cs----------------------d
040 |a STU  |b slo 
041 0
044 |a cs 
080 |a 801.316.4:677=850=20 
080 |a 801.316.4=4=20=850 
080 |a 677.801.316.4=850=20 
245 |a Anglicko-český technický textilní slovník 
260 |a Bratislava :  |b Alfa,  |c 1970 
300 |a 413 s 
996 |b C40230  |c C*40230  |l CCXXIVB  |s P  |a 0  |w stu14695_0001 
996 |b C84042  |c C*84042  |l CCXXIVB  |s P  |a 0  |w stu14695_0002 
996 |b C84043  |c C*84043  |l CCXXIVB  |s P  |a 0  |w stu14695_0003 
996 |b C84113  |c C*84113  |l CCVIIIA  |s P  |a 0  |w stu14695_0004 
996 |b C39161  |c C*39161  |l CCVIIIB  |s P  |a 0  |w stu14695_0005 
996 |b C84114  |c C*84114  |l CCVIIIB  |s P  |a 0  |w stu14695_0006